| 000 | 00498nam a2200169Ia 4500 | ||
|---|---|---|---|
| 003 | IN-BaIIA | ||
| 008 | 211028s9999 xx 000 0 eng d | ||
| 040 | _cIIA Library | ||
| 080 |
_a528.28 _bKOR |
||
| 100 |
_aKorff, A. S. _93149 |
||
| 245 | 4 |
_aThe world's high altitude research stations _cSerge A Korff |
|
| 260 |
_aNew York _bResearch Division College of Engineering _c1954 |
||
| 300 | _av, 84p. | ||
| 650 | _aAstronomy and Astrophysics Thesaurus | ||
| 650 |
_aHigh Altitude _93150 |
||
| 942 | _cBK | ||
| 999 |
_c1567 _d1567 |
||